Score 0/7 Timer 03:00
0 Plays Today
Question Answer Wrong Answers
Riverside London is badly damaged by a disastrous flood of this river.
1928
Thames
95.1%
Mersey
1.2%
Tyne
1.3%
Trent
0.9%
This Colin Firth film, eventually winner of Best Picture at the 83rd Academy Awards, is released in the UK.
2011
The King's Speech
91.7%
The Artist
1.7%
Tinker Tailor Soldier Spy
2%
Black Swan
2.8%
On its way to the Galápagos Islands, this ship carrying Charles Darwin, reaches the Chilean Chonos Archipelago.
1835
HMS Beagle
81.7%
HMS Victory
3.9%
HMS Ark Royal
2.6%
HMS Endeavor
10.8%
This astronomer makes his first observation of the Jupiter's moons.
1610
Galileo Galilei
80.3%
Isaac Newton
4.1%
Johannes Kepler
12%
Edmond Halley
3.4%
This woman, the first wife of King Henry VIII, dies in Kimbolton Castle at the age of 50, possibly from cancer.
1536
Catherine of Aragon
74.3%
Catherine Howard
8.9%
Anne of Cleves
8.2%
Catherine Parr
8.4%
This small nation on the island of Borneo becomes the sixth member of the Association of Southeast Asian Nations.
1984
Brunei
72.3%
Bahrain
5.9%
Singapore
9.5%
Sri Lanka
10.7%
This African-American author of Their Eyes Were Watching God is born in Notasulga, Alabama.
1891
Zora Neale Hurston
47.8%
Toni Morrison
19.9%
Alice Walker
20.4%
Octavia E. Butler
10.7%
Remove Ads.
Support Sporcle.
Get the best of Sporcle when you Go Orange. This ad-free experience offers more features, more stats, and more fun while also helping to support Sporcle. Thank you for becoming a member.

You're not logged in!

Compare scores with friends on all Sporcle quizzes.
OR
Log In

Show Comments

Extras

Top Quizzes Today


Score Distribution

Your Account Isn't Verified!

In order to create a playlist on Sporcle, you need to verify the email address you used during registration. Go to your Sporcle Settings to finish the process.

Report this User

Report this user for behavior that violates our Community Guidelines.

Details: